Normal view
MARC view
Entry Personal Name
001 - CONTROL NUMBER
- control field: 767353
003 - CONTROL NUMBER IDENTIFIER
- control field: OSt
005 - DATE AND TIME OF LATEST TRANSACTION
- control field: 20250508155724.0
008 - FIXED-LENGTH DATA ELEMENTS
- fixed length control field: 250508|| aca||aabn | a|a d
040 ## - CATALOGING SOURCE
- Original cataloging agency: OSt
- Transcribing agency: OSt
100 ## - HEADING--PERSONAL NAME
- Personal name: Ruthela S. P. Ed
670 ## - SOURCE DATA FOUND
- Source citation: Work cat.: (OSt)1358955: Ruthela S. P. Ed., Contributions to sociology of education in India, V1, 1969
